000 01074nam a2200325 i 4500
001 626
003 KOSZ 005
005 20210311111613.0
008 071006s1972 pl a d f |000 0 pol
015 _aPB 1972/2521
035 _a(OCoLC)749405414
040 _aWA N
_cWA N
_dKOSZ 005/EG
041 _apol
046 _k1972
080 _a62-1/-8
655 4 _aPodręczniki dla szkół zawodowych
650 4 _aMaszyny
650 4 _aRemont
650 4 _aMontaż
710 2 _aPaństwowe Wydawnictwo Szkolnictwa Zawodowego
_4pbl.
999 _c626
_d626
999 _b(075)
100 1 _aGórecki, Aleksander.
_eAutor
245 1 0 _aMontaż i naprawa maszyn i urządzeń przemysłowych /
_cAleksander Górecki.
260 _a[Warszawa] :
_bPaństwowe Wydawnictwo Szkolnictwa Zawodowego,
_c1972.
300 _a269, [1] s., 1 tabl. :
_bil. ;
_c23 cm.
380 _aKsiążki.
658 _aInżynieria i technika
856 _uhttp://koha.tu.koszalin.pl/cgi-bin/koha/opac-detail.pl?biblionumber=626
_yKatalog online BPK
942 _2UKD
_cKS